| 000 | 00828cab a2200277 4500 | ||
|---|---|---|---|
| 001 | ABS48380 | ||
| 008 | 090401t1993 xxu||||| |||| 00| 0 eng d | ||
| 035 | _a(Sirsi) u66424 | ||
| 041 | _aeng | ||
| 100 | _aAustin, B. | ||
| 245 | _aTaking the long term view | ||
| 260 | _c1993 | ||
| 350 | _a0 | ||
| 490 |
_aChartered Quantity Surveyor _v15(8) April 1993, 10-14(5) |
||
| 520 | _aAnalyses the capital and life cycle costs for external doors and windows. Further reading and useful addresses for further contact. Statistical data. Product File. | ||
| 650 | _aBCIS | ||
| 650 | _aCAPITAL COSTS | ||
| 650 | _aDOORS | ||
| 650 | _aELEMENTAL ANALYSIS | ||
| 650 | _aLIFE CYCLE COSTING | ||
| 650 | _aMENTOR | ||
| 650 | _aWINDOWS | ||
| 690 | _aBUILT ENVIRONMENT-BUILDING MATERIALS | ||
| 942 | _n0 | ||
| 948 | _c04/03/1997 | ||
| 999 |
_c41502 _d41502 |
||